00837 2200229 4500001002100000005001700021008004100038035002400079082001200103090002300115100002200138245018900160260002800349300003500377500011200412500002800524650001600552850000900568985000600577986000900583999001500592YOGYA-0209000007210720090227093611.0 ind  0010-020900000072107 a649.123 a649.123bKam ElSK aKAMBUAYA, Sefnath aEfektivitas pelayanan gisi pada posyandu terhadaptingkat pertumbuhan anak balitab(Suatu penelitian di desa Gading kec.Playen Kabupaten Gunung Kidul Propinsi Daerh Istimewa Yogyakarta) aYogyakartab[s.n]c1995 axix,136,[22]lembarbilusc29cm aSkripsi jurusan sosiologi Sekolah Tinggi Ilmu Sosial dan Ilmu Politik (STISIPOL) "Kartika Bangsa"Yogyakarta aBibliografi:lembar[137] aAnak Balita aBPAD a1 aheru a08A0036092